| 000 | 00965 a2200265 4500 | ||
|---|---|---|---|
| 003 | OSt | ||
| 005 | 20180116192329.0 | ||
| 008 | 120517t xxu||||| |||| 00| 0 eng d | ||
| 020 | _a0500287287 (paperback) | ||
| 020 | _a9780500287286 (paperback) | ||
| 040 | _c0 | ||
| 082 | _a720.284 | ||
| 100 | 1 |
_aZELL, MO. _91581 |
|
| 245 | 1 | 4 |
_aThe architectural drawing course : _bunderstand the principles and master the practices / _cMO ZELL. |
| 260 |
_aLondon _bTHAMES & HUDSON, _c2008. |
||
| 300 |
_a144 p. ; _bill;. _c22 cm. |
||
| 500 | _aIncludes index | ||
| 650 |
_aArchitectural drawing _91582 |
||
| 650 |
_a Architectural design _91583 |
||
| 650 |
_a Architectural structure _91584 |
||
| 856 | 4 | 0 |
_3Amazon.com _uhttp://www.amazon.com/exec/obidos/ASIN/0500287287/chopaconline-20 |
| 942 |
_aSADA _cBK _k720.284 ZEL 2008 _2ddc |
||
| 999 |
_c352293 _d352293 |
||